000 00338nam a2200133Ia 4500
005 20260328104324.0
008 260328s9999||||xx |||||||||||||| ||und||
100 _aJacobs, Jane
245 4 _aThe Death and Life of Great American Cities /
_cJane Jacobs
260 _bPenguin
300 _a474 p.
650 _aESTADOS UNIDOS
942 _cBK
999 _c11439
_d11439